Normal view
MARC view
Entry Personal Name
001 - CONTROL NUMBER
- control field: 256042
003 - CONTROL NUMBER IDENTIFIER
- control field: OSt
005 - DATE AND TIME OF LATEST TRANSACTION
- control field: 20260220103340.0
008 - FIXED-LENGTH DATA ELEMENTS
- fixed length control field: 260220|| aca||aabn | a|a d
040 ## - CATALOGING SOURCE
- Original cataloging agency: OSt
- Transcribing agency: OSt
100 ## - HEADING--PERSONAL NAME
- Personal name: GORAKHNATH
- Dates associated with a name: गोरखनाथ
670 ## - SOURCE DATA FOUND
- Source citation: Work cat.: (OSt)140893: GORAKHNATH गोरखनाथ, Saral saz-saman se vaignanik prayog, 1963